| 000 | 00442nam a2200181Ia 4500 | ||
|---|---|---|---|
| 008 | 151202s9999||||xx |||||||||||||| ||und|| | ||
| 082 | _bPNVM-2722 | ||
| 100 | _aHUXLEY JULIAN. | ||
| 245 | _aDEMOCRACY MARCHES. | ||
| 260 | _b"CHATTO & WINDUS, LONDON." | ||
| 260 | _c0 | ||
| 300 | _a312 | ||
| 600 | _aHUXLEY JULIAN. | ||
| 630 | _aDEMOCRACY MARCHES. | ||
| 700 | _aHUXLEY JULIAN. | ||
| 730 | _aDEMOCRACY MARCHES. | ||
| 942 | _cBOOK | ||
| 999 |
_c1268720 _d1268717 |
||